|
|
|
|
| LEADER |
01866nam a2200445 a 4500 |
| 001 |
EBC3385686 |
| 003 |
MiAaPQ |
| 005 |
20200520144314.0 |
| 006 |
m o d | |
| 007 |
cr cn||||||||| |
| 008 |
120502s2012 dcua sb 001 0 eng d |
| 010 |
|
|
|z 2012008727
|
| 020 |
|
|
|z 9780881326208
|
| 020 |
|
|
|a 9780881326376 (electronic bk.)
|
| 035 |
|
|
|a (MiAaPQ)EBC3385686
|
| 035 |
|
|
|a (Au-PeEL)EBL3385686
|
| 035 |
|
|
|a (CaPaEBR)ebr10553723
|
| 035 |
|
|
|a (CaONFJC)MIL355685
|
| 035 |
|
|
|a (OCoLC)923328382
|
| 040 |
|
|
|a MiAaPQ
|c MiAaPQ
|d MiAaPQ
|
| 043 |
|
|
|a n-us---
|a e-ru---
|
| 050 |
|
4 |
|a HF1456.5.R8
|b A85 2012
|
| 100 |
1 |
|
|a Aslund, Anders.
|
| 245 |
1 |
4 |
|a The United States should establish permanent normal trade relations with Russia
|h [electronic resource] /
|c Anders Aslund and Gary Clyde Hufbauer.
|
| 260 |
|
|
|a Washington, D.C. :
|b Peterson Institute for International Economics,
|c 2012.
|
| 300 |
|
|
|a xx, 81 p. :
|b ill.
|
| 490 |
1 |
|
|a Policy analyses in international economics ;
|v 97
|
| 504 |
|
|
|a Includes bibliographical references and index.
|
| 533 |
|
|
|a Electronic reproduction. Ann Arbor, MI : ProQuest, 2015. Available via World Wide Web. Access may be limited to ProQuest affiliated libraries.
|
| 650 |
|
0 |
|a Foreign trade regulation
|z United States.
|
| 650 |
|
0 |
|a Foreign trade regulation
|z Russia (Federation)
|
| 651 |
|
0 |
|a United States
|x Foreign economic relations
|z Russia (Federation)
|
| 651 |
|
0 |
|a Russia (Federation)
|x Foreign economic relations
|z United States.
|
| 651 |
|
0 |
|a United States
|x Commercial policy.
|
| 651 |
|
0 |
|a Russia (Federation)
|x Commercial policy.
|
| 655 |
|
4 |
|a Electronic books.
|
| 700 |
1 |
|
|a Hufbauer, Gary Clyde.
|
| 710 |
2 |
|
|a ProQuest (Firm)
|
| 830 |
|
0 |
|a Policy analyses in international economics ;
|v 97.
|
| 856 |
4 |
0 |
|u https://ebookcentral.proquest.com/lib/matrademy/detail.action?docID=3385686
|z Click to View
|